01016nam a2200241Ia 4500001000600000003000900006008004100015040001300056040001300069041001300082100002000095100002900115245008600144245008600230250001100316260001100327260002100338260004900359300005500408500025400463650002600717650003100743H6658IT-RoPAU130308s9999 xx 000 0 und d aIT-RoPAU cIT-RoPAU aITALIANO aFalsini Rinaldo gCodice Aut. SPICS: 22254 aNuova liturgia della messa (La). Spiegazione delle recenti innovazioni liturgiche bNuova Liturgia della messa (La). spiegazione delle recenti innovazioni Liturgiche a3a ed. aMILANO bVita e Pensiero  c1965 [1° Ed.:1965 - Ed.Ling.Originale:1965] a"86 p. (prefazione: no ; testo: 86 [pagine: 0-0])" aSpiegazione delle recenti innovazioni Liturgiche. ragioni della riforma Liturgica. innovazioni nella celebrazione della Messa. Lingua Italiana nella Messa. Schema di celebrazione di una messa Festiva. Riflessioni Sull'Ordinario Italiano della Messa. aSTORIA DELLA LITURGIA eCodice materia Spics: 9158